| 000 | 00438pab a2200181 454500 | ||
|---|---|---|---|
| 008 | 180718b2008 xxu||||| |||| 00| 0 eng d | ||
| 100 | _aJaysheela | ||
| 245 | _aE-waste management in India: problems and solutions | ||
| 260 | _c2008 | ||
| 300 | _ap.9-23. | ||
| 362 | _aJul-Sep | ||
| 650 | _aWaste treatment - India | ||
| 650 | _aWaste treatment | ||
| 700 | _aHans, V. Basil | ||
| 773 | _aNagarlok | ||
| 908 | _aN | ||
| 909 | _a81833 | ||
| 999 |
_c81833 _d81833 |
||